| 000 | 00610pam a2200193 a 4500 | ||
|---|---|---|---|
| 020 | _a0408021713 | ||
| 020 | _a0408053097 (Butterworth International ed.) | ||
| 082 | 0 | 0 |
_a624.1771 _bLAV _cL-NUST, P-43 |
| 100 | 1 |
_aLavan, S. A. _942945 |
|
| 245 | 1 | 0 |
_aStudent's guide to structural design / _cS.A. Lavan, B.G. Fletcher. |
| 260 |
_aLondon ; _aBoston : _bButterworths, _c1989. |
||
| 300 |
_a105 p. : _bill. ; _c25 cm. |
||
| 500 | _aIncludes index. | ||
| 526 |
_a0 _b0 _c0 _d624_177100000000000_LAV |
||
| 650 | 0 |
_aNUST _96342 |
|
| 650 | 0 | _aStructural design. | |
| 700 | 1 |
_aFletcher, B. G. _942946 |
|
| 942 |
_2ddc _cBK |
||
| 999 |
_c546748 _d546748 |
||